00314nam a2200121Ia 4500003000400000008004100004040001600045082001700061245004700078260005100125300001100176490000500187GCL140319s9999 xx 000 0 ara d aGCL / cGCL04a658.4bا ا10aالادارة والمدير العصرى a[S.N] : bمؤسسة شباب الجامعة a157 ص a